Πρωτεύουσες της Ευρωπαϊκής Ένωσης - Ξαφνικός Θάνατος - Statistics

General Stats
  • This quiz has been taken 516 times
  • The average score is 8 of 27
Answers on the Grid
Answers color-coded by a green-red scale on the quiz's grid according to % correct below.
Άγκυρα
Άμστερνταμ
Όσλο
Αθήνα
Αμβούργο
Αστάνα
Βέρνη
Βίλνιους
Βαλέτα
Βαρσοβία
Βελιγράδι
Βερολίνο
Βιέννη
Βουδαπέστη
Βουκουρέστι
Βρυξέλλες
Δουβλίνο
Ελσίνκι
Ζάγκρεμπ
Ζαντάρ
Κοπεγχάγη
Κρακοβία
Κωνσταντινούπολη
Λευκωσία
Λιουμπλιάνα
Λισαβόνα
Λονδίνο
Λουξεμβούργο
Μάλμε
Μόναχο
Μαδρίτη
Μονακό
Μπρατισλάβα
Ντέμπρετσεν
Πόρτο
Παρίσι
Ποντγκόριτσα
Πράγα
Ρέικιαβικ
Ρίγα
Ρώμη
Ραμπάτ
Σόφια
Σαράγεβο
Σιένα
Στοκχόλμη
Τίρανα
Ταλίν
Τιφλίδα
Χάγη
 
Answer Stats
Answer % Correct
Αθήνα
44%
Λισαβόνα
43%
Βερολίνο
40%
Ρώμη
40%
Βρυξέλλες
38%
Παρίσι
36%
Σόφια
36%
Μαδρίτη
35%
Λουξεμβούργο
33%
Άμστερνταμ
32%
Βουκουρέστι
32%
Κοπεγχάγη
31%
Βιέννη
29%
Λευκωσία
29%
Δουβλίνο
28%
Βαρσοβία
26%
Λιουμπλιάνα
26%
Στοκχόλμη
25%
Βίλνιους
24%
Βαλέτα
24%
Βουδαπέστη
24%
Πράγα
24%
Ρίγα
24%
Μπρατισλάβα
22%
Ταλίν
22%
Ελσίνκι
21%
Ζάγκρεμπ
21%
No matching quizzes found
Score Distribution
Percent of People with Each Score
Percentile by Number Answered
Your Score History
You have not taken this quiz